000 01959nam a2200517 i 4500
001 43508
003 FINmELB
005 20241216222130.0
006 m o d |
007 cr cnu||||||||
008 181030s2017 sp a ob 000 0 spa d
020 _z9788491800354
020 _a9788491800378
_q(e-book)
035 _a(OCoLC)1145110641
040 _aFINmELB
_bspa
_erda
_cFINmELB
050 4 _aP92.L3
_bD611 2017
080 _a659.3(7/8=134)
082 0 _a302.23098
_223
245 0 0 _aDiscursos mediâaticos sobre la diferencia en Amâerica Latina y el Caribe /
_cTânia Hoff, Doris E. Martâinez (coords.).
264 1 _aBarcelona :
_bEditorial UOC,
_c2017.
300 _a1 recurso en línea (137 páginas) :
_bilustraciones
336 _atexto
_btxt
_2rdacontent/spa
337 _acomputadora
_bc
_2rdamedia/spa
338 _arecurso en línea
_bcr
_2rdacarrier/spa
490 1 _aAtlántica de comunicación ;
_v24
504 _aReferencias bibliográficas.
588 _aDescripción basada en metadatos suministrados por el editor y otras fuentes.
590 _aRecurso electrónico. Santa Fe, Arg.: elibro, 2020. Disponible vía World Wide Web. El acceso puede estar limitado para las bibliotecas afiliadas a elibro.
650 0 _aMass media
_zLatin America.
650 0 _aMass media
_zCaribbean Area.
650 0 _aSocial classes
_zLatin America.
650 0 _aSocial classes
_zCaribbean Area.
650 4 _aMedios de comunicación de masas.
650 4 _aClases sociales.
651 4 _aAmérica Latina.
651 4 _aCaribe.
655 4 _aLibros electrónicos.
700 1 _aHoff, Tânia,
_ecoordinador.
700 1 _aMartínez, Doris E.,
_ecoordinador.
797 2 _aelibro, Corp.
830 0 _aAtlántica de comunicación ;
_v24.
856 4 0 _uhttps://elibro.net/ereader/politecnicointernacional/116561
999 _c43508
_d43508